[Event "SCG-chT2"]
[Site "Sutomore"]
[Date "2004.09.14"]
[Round "7.4"]
[White "Bauk, Slavko"]
[Black "Brajovic, Radovan"]
[Result "1-0"]
[WhiteElo "2260"]
[BlackElo "2303"]
[PlyCount "51"]
[EventDate "2004.09.10"]
[EventType "team-tourn"]
[EventRounds "9"]
[EventCountry "YUG"]
[SourceTitle "CBM 102 Extra"]
[Source "ChessBase"]
[SourceDate "2004.11.03"]
[SourceVersion "1"]
[SourceVersionDate "2004.11.03"]
[SourceQuality "1"]
[WhiteTeam "04"]
[BlackTeam "07"]
[WhiteTeamCountry "YUG"]
[BlackTeamCountry "YUG"]

1. d4 Nf6 2. c4 e6 3. Nc3 Bb4 4. e3 c5 5. Bd3 0-0 6. Nf3 Nc6 7. 0-0 Bxc3 8. bxc3 d6 9. e4 e5 10. d5 Na5 11. Nd2 g6 12. Nb3 Nh5 13. Bh6 Ng7 14. Qd2 f5 15. Nxa5 Qxa5 16. f4 exf4 17. Rxf4 fxe4 18. Rxf8+ Kxf8 19. Bxe4 Kg8 20. Rf1 Qc7 21. Qg5 b5 22. Bxg7 Bf5 23. Bxf5 Qxg7 24. Be6+ Kh8 25. cxb5 Qxc3 26. Qf6+ 1-0

[Event "YUG Cup1"]
[Site "Yugoslavia"]
[Date "2002.05.15"]
[Round "3"]
[White "Kurcubic, Aleksandar"]
[Black "Bauk, Slavko"]
[Result "1-0"]
[WhiteElo "2349"]
[BlackElo "2295"]
[PlyCount "55"]
[EventDate "2002.05.??"]
[EventType "swiss"]
[EventRounds "7"]
[EventCountry "YUG"]
[SourceTitle "EXT 2006"]
[Source "ChessBase"]
[SourceDate "2005.11.24"]
[SourceVersion "1"]
[SourceVersionDate "2005.11.24"]
[SourceQuality "1"]

1. Nf3 f5 2. g3 Nf6 3. Bg2 g6 4. b3 Bg7 5. Bb2 0-0 6. c4 d6 7. d4 c6 8. 0-0 Na6 9. Nbd2 h6 10. a3 g5 11. e3 Qe8 12. Re1 Qf7 13. Qc2 Nc7 14. Re2 Bd7 15. Ne1 f4 16. f3 fxg3 17. hxg3 Rae8 18. Nd3 Nh5 19. Nf1 e5 20. dxe5 Bxe5 21. Nxe5 dxe5 22. Rd1 Bf5 23. Qc3 Ng7 24. Rd6 Kh7 25. Red2 Qe7 26. g4 Bc8 27. Ng3 Nd5 28. Qd3+ 1-0

[Event "IECG WC.2005.P.00004 email"]
[Site "IECG email"]
[Date "2002.01.29"]
[Round "?"]
[White "Gomez Galan Arense, Joaquin"]
[Black "Bauk, Slavko"]
[Result "1/2-1/2"]
[WhiteElo "2096"]
[BlackElo "2179"]
[PlyCount "84"]
[EventDate "2002.01.29"]
[EventType "tourn (corr)"]
[EventRounds "12"]
[SourceTitle "Corr 2008"]
[Source "ChessBase"]
[SourceDate "2008.06.24"]
[SourceVersion "1"]
[SourceVersionDate "2008.06.24"]
[SourceQuality "1"]

1. e4 c5 2. Nf3 d6 3. d4 cxd4 4. Nxd4 Nf6 5. Nc3 g6 6. Bb5+ Bd7 7. 0-0 Bg7 8. Be2 Nc6 9. Be3 0-0 10. Nb3 Qc8 11. Qd2 Rd8 12. Rad1 Be6 13. Nd4 Nxd4 14. Bxd4 d5 15. exd5 Nxd5 16. Bxg7 Kxg7 17. Qd4+ Kg8 18. Nxd5 Bxd5 19. c4 Bc6 20. Qe5 Qf5 21. Qxf5 gxf5 22. f4 Be4 23. Rfe1 Rac8 24. Kf2 Kg7 25. b4 Kf6 26. c5 Rxd1 27. Rxd1 b6 28. Rc1 a5 29. a3 axb4 30. axb4 bxc5 31. bxc5 Bc6 32. g3 e6 33. Ra1 Ra8 34. Rxa8 Bxa8 35. Bb5 Ke7 36. Ke3 Bd5 37. Kd4 f6 38. Ba4 h6 39. Bb5 Kd8 40. Bd3 Bc6 41. Be2 Kd7 42. Bc4 Ke7 1/2-1/2

[Event "IECG WC.2005.P.00004 email"]
[Site "IECG email"]
[Date "2002.01.29"]
[Round "?"]
[White "Parrilla, Antonio"]
[Black "Bauk, Slavko"]
[Result "1-0"]
[WhiteElo "1500"]
[BlackElo "2179"]
[PlyCount "37"]
[EventDate "2002.01.29"]
[EventType "tourn (corr)"]
[EventRounds "12"]
[SourceTitle "Corr 2008"]
[Source "ChessBase"]
[SourceDate "2008.06.24"]
[SourceVersion "1"]
[SourceVersionDate "2008.06.24"]
[SourceQuality "1"]

1. Nc3 d5 2. e4 d4 3. Nce2 e5 4. Ng3 Be6 5. Nf3 f6 6. Bb5+ Nd7 7. 0-0 c6 8. Be2 Ne7 9. c3 c5 10. d3 Qb6 11. Nd2 Qa6 12. Nb3 g6 13. f4 h5 14. fxe5 fxe5 15. Bg5 h4 16. Nh1 c4 17. dxc4 dxc3 18. bxc3 h3 19. g3 1-0

[Event "IECG WC.2005.P.00004 email"]
[Site "IECG email"]
[Date "2002.01.29"]
[Round "?"]
[White "Pecotic, Kuzma"]
[Black "Bauk, Slavko"]
[Result "1/2-1/2"]
[WhiteElo "1876"]
[BlackElo "2179"]
[PlyCount "59"]
[EventDate "2002.01.29"]
[EventType "tourn (corr)"]
[EventRounds "12"]
[SourceTitle "Corr 2008"]
[Source "ChessBase"]
[SourceDate "2008.06.24"]
[SourceVersion "1"]
[SourceVersionDate "2008.06.24"]
[SourceQuality "1"]

1. d4 f5 2. Bg5 g6 3. Nd2 Bg7 4. e4 fxe4 5. Nxe4 d5 6. Nc5 b6 7. Nb3 Nf6 8. Nf3 0-0 9. Bd3 Bg4 10. Nbd2 Nc6 11. c3 Qd6 12. Bb5 a6 13. Bxc6 Qxc6 14. 0-0 Qb5 15. Qc2 Bf5 16. Qb3 Qxb3 17. Nxb3 h6 18. Bf4 Rac8 19. Rfe1 g5 20. Be5 g4 21. Nfd2 c5 22. Nf1 Ne4 23. Bxg7 Kxg7 24. f3 gxf3 25. gxf3 Ng5 26. Rxe7+ Kg6 27. Re3 Nh3+ 28. Kg2 Nf4+ 29. Kg3 Nh5+ 30. Kf2 1/2-1/2

[Event "IECC TH-T email"]
[Site "IECC email"]
[Date "2001.07.29"]
[Round "?"]
[White "Marcotulli, Giancarlo"]
[Black "Bauk, Slavko"]
[Result "1-0"]
[WhiteElo "2272"]
[BlackElo "2242"]
[PlyCount "86"]
[EventDate "2001.??.??"]
[EventType "match (corr)"]
[EventRounds "2"]
[SourceTitle "Corr 2008"]
[Source "ChessBase"]
[SourceDate "2008.06.24"]
[SourceVersion "1"]
[SourceVersionDate "2008.06.24"]
[SourceQuality "1"]

1. e4 c5 2. Nf3 d6 3. d4 cxd4 4. Nxd4 Nf6 5. Nc3 g6 6. Be3 Bg7 7. f3 Nc6 8. Qd2 0-0 9. g4 Ne5 10. 0-0-0 Bd7 11. h4 Rc8 12. h5 Qa5 13. Kb1 Nxf3 14. Nxf3 Bxg4 15. h6 Bxf3 16. hxg7 Rfe8 17. Bg2 Bxd1 18. Qxd1 Kxg7 19. Nd5 h5 20. Nxf6 exf6 21. Bd4 Qc7 22. Rf1 Re5 23. Bh3 Rd8 24. Qf3 Qe7 25. Qc3 d5 26. Bxe5 fxe5 27. exd5 Rxd5 28. Bg2 Rd8 29. Re1 b6 30. Bf3 f6 31. Qe3 h4 32. a3 f5 33. Rg1 Rh8 34. Be2 h3 35. Qg3 Rh6 36. Rh1 f4 37. Qd3 Qe6 38. Bf3 Rh8 39. Rh2 g5 40. Qd1 Rh6 41. Rd2 h2 42. Rd7+ Kh8 43. Bh1 Rh7 1-0

[Event "IECG CM.2001.0.00149"]
[Site "IECG email"]
[Date "2001.07.25"]
[Round "?"]
[White "Schulze, Michael"]
[Black "Bauk, Slavko"]
[Result "1-0"]
[WhiteElo "2359"]
[BlackElo "2295"]
[PlyCount "45"]
[EventDate "2001.07.25"]
[EventType "tourn (corr)"]
[EventRounds "6"]
[SourceTitle "Corr 2008"]
[Source "ChessBase"]
[SourceDate "2008.06.24"]
[SourceVersion "1"]
[SourceVersionDate "2008.06.24"]
[SourceQuality "1"]

1. e4 c5 2. Nf3 d6 3. d4 cxd4 4. Nxd4 Nf6 5. Nc3 a6 6. f3 e5 7. Nb3 Be6 8. Be3 Nbd7 9. g4 h6 10. Qd2 Be7 11. 0-0-0 b5 12. h4 Nb6 13. Qf2 Nfd7 14. Kb1 Rc8 15. Nd5 Bxd5 16. exd5 Nc4 17. Bc1 Qb6 18. Qe1 b4 19. Bd3 g6 20. f4 h5 21. gxh5 gxh5 22. Qe4 Qc7 23. Qf5 1-0

[Event "IECC CL1-2001.14"]
[Site "IECC email"]
[Date "2001.07.12"]
[Round "?"]
[White "Bauk, Slavko"]
[Black "Raijmaekers, Kees"]
[Result "1/2-1/2"]
[WhiteElo "2232"]
[BlackElo "2095"]
[PlyCount "43"]
[EventDate "2001.??.??"]
[EventType "tourn (corr)"]
[EventRounds "4"]
[SourceTitle "Corr 2008"]
[Source "ChessBase"]
[SourceDate "2008.06.24"]
[SourceVersion "1"]
[SourceVersionDate "2008.06.24"]
[SourceQuality "1"]

1. d4 Nf6 2. c4 c5 3. d5 b5 4. cxb5 a6 5. bxa6 e6 6. Nc3 exd5 7. Nxd5 Nxd5 8. Qxd5 Nc6 9. e4 Be7 10. Bc4 0-0 11. Nf3 Bxa6 12. Bd2 Qb6 13. 0-0 Bxc4 14. Qxc4 Qxb2 15. Rfb1 Ne5 16. Nxe5 Qxe5 17. Bc3 Qe6 18. Qxe6 fxe6 19. Rb7 Rf7 20. e5 Bf8 21. Rb2 Rf4 22. Rd2 1/2-1/2

[Event "IECC TH-T email"]
[Site "IECC email"]
[Date "2001.07.05"]
[Round "?"]
[White "Bauk, Slavko"]
[Black "Maiorov, Oleg Ivanovich"]
[Result "0-1"]
[WhiteElo "2266"]
[BlackElo "2381"]
[PlyCount "52"]
[EventDate "2001.??.??"]
[EventType "match (corr)"]
[EventRounds "2"]
[SourceTitle "Corr 2008"]
[Source "ChessBase"]
[SourceDate "2008.06.24"]
[SourceVersion "1"]
[SourceVersionDate "2008.06.24"]
[SourceQuality "1"]

1. e4 c5 2. Nf3 d6 3. d4 cxd4 4. Nxd4 Nf6 5. Nc3 g6 6. Be3 Bg7 7. f3 Nc6 8. Qd2 0-0 9. 0-0-0 d5 10. exd5 Nxd5 11. Nxc6 bxc6 12. Bd4 e5 13. Bc5 Be6 14. Ne4 Re8 15. h4 h6 16. g4 Nf4 17. Qc3 Bd5 18. g5 hxg5 19. hxg5 Qd7 20. Qa3 Qf5 21. Nd6 Qxg5 22. c4 Nd3+ 23. Kb1 Nxb2 24. Kxb2 Bxf3 25. Nxe8 Rxe8 26. Be3 Qf5 0-1

[Event "IECC TH-T email"]
[Site "IECC email"]
[Date "2001.07.05"]
[Round "?"]
[White "Maiorov, Oleg Ivanovich"]
[Black "Bauk, Slavko"]
[Result "0-1"]
[WhiteElo "2379"]
[BlackElo "2237"]
[PlyCount "86"]
[EventDate "2001.??.??"]
[EventType "match (corr)"]
[EventRounds "2"]
[SourceTitle "Corr 2008"]
[Source "ChessBase"]
[SourceDate "2008.06.24"]
[SourceVersion "1"]
[SourceVersionDate "2008.06.24"]
[SourceQuality "1"]

1. e4 c5 2. Nf3 d6 3. d4 cxd4 4. Nxd4 Nf6 5. Nc3 a6 6. Bg5 e6 7. f4 Be7 8. Qf3 Qc7 9. g4 b5 10. 0-0-0 Nbd7 11. Bxf6 Nxf6 12. g5 Nd7 13. f5 Bxg5+ 14. Kb1 Ne5 15. Qh5 Qd8 16. Rg1 Bf6 17. fxe6 0-0 18. Bh3 g6 19. Nd5 Kh8 20. Qe2 fxe6 21. Bxe6 Ra7 22. Rdf1 Bg7 23. c3 Rxf1+ 24. Rxf1 Qe8 25. Bxc8 Qxc8 26. a3 Qe8 27. h4 h5 28. Ka2 Rb7 29. b3 Qd7 30. Rg1 Ng4 31. Nf3 Rb8 32. Nh2 Rf8 33. Nxg4 hxg4 34. Rxg4 Rf2 35. Qxf2 Qxg4 36. Qc2 Qxh4 37. Kb2 Be5 38. Nc7 g5 39. Nxa6 g4 40. Nc7 Qe1 41. Nd5 g3 42. b4 Qg1 43. a4 g2 0-1

[Event "IECC TH-T email"]
[Site "IECC email"]
[Date "2001.06.14"]
[Round "?"]
[White "Bauk, Slavko"]
[Black "Viswanathan, Kartik"]
[Result "1/2-1/2"]
[WhiteElo "2295"]
[BlackElo "1962"]
[PlyCount "41"]
[EventDate "2001.??.??"]
[EventType "match (corr)"]
[EventRounds "2"]
[SourceTitle "Corr 2008"]
[Source "ChessBase"]
[SourceDate "2008.06.24"]
[SourceVersion "1"]
[SourceVersionDate "2008.06.24"]
[SourceQuality "1"]

1. e4 c5 2. Nf3 d6 3. d4 cxd4 4. Nxd4 Nf6 5. Nc3 a6 6. Be3 e5 7. Nb3 Be6 8. Qd2 Nbd7 9. f3 b5 10. a4 b4 11. Nd5 Bxd5 12. exd5 Nb6 13. Bxb6 Qxb6 14. a5 Qb7 15. Bc4 Be7 16. Ra4 Rb8 17. Nc1 Bd8 18. b3 0-0 19. Kd1 Qa8 20. Na2 Rb5 21. Nxb4 1/2-1/2

[Event "IECG QM.2001.0.00035"]
[Site "IECG email"]
[Date "2001.??.??"]
[Round "?"]
[White "Bauk, Slavko"]
[Black "Vujanovic, Aleksandar"]
[Result "1/2-1/2"]
[WhiteElo "2295"]
[BlackElo "2243"]
[PlyCount "70"]
[EventDate "2001.07.09"]
[EventType "tourn (corr)"]
[EventRounds "6"]
[SourceTitle "Corr 2008"]
[Source "ChessBase"]
[SourceDate "2008.06.24"]
[SourceVersion "1"]
[SourceVersionDate "2008.06.24"]
[SourceQuality "1"]

1. d4 Nf6 2. c4 e6 3. Nc3 Bb4 4. e3 c5 5. Bd3 0-0 6. Nf3 d5 7. 0-0 Nc6 8. a3 Bxc3 9. bxc3 dxc4 10. Bxc4 Qc7 11. Ba2 e5 12. h3 e4 13. Nh2 b6 14. Qe2 Be6 15. Bxe6 fxe6 16. dxc5 Ne5 17. cxb6 axb6 18. c4 Qxc4 19. Qxc4 Nxc4 20. Rb1 Nd5 21. f3 exf3 22. Nxf3 Nxa3 23. Bxa3 Rxa3 24. e4 Ne3 25. Rf2 Nc4 26. Rc2 Ra4 27. Rbc1 b5 28. Rc3 Rb8 29. Rd3 h6 30. Rd7 Ra2 31. Re7 Rf8 32. Rxe6 Rb2 33. Nd4 Rff2 34. Rg6 Ne3 35. Nxb5 Kf7 1/2-1/2

[Event "IECG QM.2001.0.00035"]
[Site "IECG email"]
[Date "2001.??.??"]
[Round "?"]
[White "Martin, Milan"]
[Black "Bauk, Slavko"]
[Result "1/2-1/2"]
[WhiteElo "2320"]
[BlackElo "2295"]
[PlyCount "79"]
[EventDate "2001.07.09"]
[EventType "tourn (corr)"]
[EventRounds "6"]
[SourceTitle "Corr 2008"]
[Source "ChessBase"]
[SourceDate "2008.06.24"]
[SourceVersion "1"]
[SourceVersionDate "2008.06.24"]
[SourceQuality "1"]

1. e4 c5 2. Nf3 d6 3. d4 cxd4 4. Nxd4 Nf6 5. Nc3 a6 6. Be3 e5 7. Nf3 Be7 8. a4 Qc7 9. a5 0-0 10. Be2 Be6 11. Nd5 Nxd5 12. exd5 Bg4 13. 0-0 Nd7 14. c4 f5 15. b3 Rae8 16. h3 Bh5 17. Bc1 Bf6 18. Ra3 Bxf3 19. Bxf3 e4 20. Be2 Bc3 21. Bd2 Qc5 22. Ra2 Bxd2 23. Qxd2 e3 24. fxe3 Qxe3+ 25. Qxe3 Rxe3 26. Rf3 Rfe8 27. Kf2 f4 28. b4 Nf6 29. Rc2 Ne4+ 30. Ke1 Nc3 31. Rxe3 Rxe3 32. c5 dxc5 33. d6 Kf7 34. bxc5 Ne4 35. Kf1 Ng3+ 36. Kf2 Ke8 37. Bf3 Nh1+ 38. Kf1 Ng3+ 39. Kf2 Nh1+ 40. Kf1 1/2-1/2

[Event "IECG QM.2001.0.00036"]
[Site "IECG email"]
[Date "2001.??.??"]
[Round "?"]
[White "Martin, Milan"]
[Black "Bauk, Slavko"]
[Result "1/2-1/2"]
[WhiteElo "2320"]
[BlackElo "2295"]
[PlyCount "68"]
[EventDate "2001.07.28"]
[EventType "tourn (corr)"]
[EventRounds "6"]
[SourceTitle "Corr 2008"]
[Source "ChessBase"]
[SourceDate "2008.06.24"]
[SourceVersion "1"]
[SourceVersionDate "2008.06.24"]
[SourceQuality "1"]

1. e4 c5 2. Nf3 d6 3. d4 cxd4 4. Nxd4 Nf6 5. Nc3 g6 6. Be3 Bg7 7. f3 0-0 8. Qd2 Nc6 9. 0-0-0 Bd7 10. g4 Ne5 11. h4 Rc8 12. h5 Qa5 13. Kb1 Nxf3 14. Nxf3 Bxg4 15. Nd5 Qxd2 16. Nxe7+ Kh8 17. Rxd2 Bxf3 18. Rh3 Bxh5 19. Nxc8 Rxc8 20. Bg2 Bg4 21. Rh1 b6 22. Rxd6 h5 23. Bg5 Nd7 24. Bh3 Bxh3 25. Rxh3 Nc5 26. Be3 Be5 27. Rd5 f6 28. Bxc5 Rxc5 29. Rd7 Rc7 30. Rxc7 Bxc7 31. c4 Kg7 32. b4 Kh6 33. Rf3 h4 34. c5 Kh5 1/2-1/2

[Event "YUG-chT"]
[Site "Budva"]
[Date "1996.??.??"]
[Round "6"]
[White "Miljanic, Boro"]
[Black "Bauk, Slavko"]
[Result "1-0"]
[WhiteElo "2410"]
[BlackElo "2310"]
[PlyCount "66"]
[EventDate "1996.??.??"]
[EventType "team-tourn"]
[EventRounds "6"]
[EventCountry "YUG"]
[SourceTitle "CBM 053 Extra"]
[Source "ChessBase"]
[SourceDate "1996.09.01"]
[SourceVersion "1"]
[SourceVersionDate "1996.09.01"]
[SourceQuality "1"]

1. e4 c5 2. Nf3 d6 3. g3 e5 4. Bg2 Nc6 5. 0-0 g6 6. c3 Bg7 7. d3 Nge7 8. a3 a5 9. a4 0-0 10. Na3 h6 11. Nd2 Be6 12. Nb5 Na7 13. Nxa7 Rxa7 14. Nc4 b6 15. Qb3 Nc8 16. f4 exf4 17. Bxf4 d5 18. exd5 Bxd5 19. Bxd5 Qxd5 20. Nxa5 Qd7 21. Nc4 Qxd3 22. Qb5 g5 23. Rfd1 Qe2 24. Re1 Qg4 25. Be5 f5 26. Nxb6 f4 27. Qxc5 f3 28. Kf2 Qh3 29. Nxc8 Rd7 30. Bd6 Qg2+ 31. Ke3 f2 32. Rf1 Qf3+ 33. Kd2 Rf5 1-0

[Event "YUG-chT"]
[Site "Vrnjacka Banja"]
[Date "1996.??.??"]
[Round "?"]
[White "Terzic, Goran"]
[Black "Bauk, Slavko"]
[Result "0-1"]
[WhiteElo "2295"]
[BlackElo "2310"]
[PlyCount "64"]
[EventDate "1996.??.??"]
[EventType "team-tourn"]
[EventRounds "11"]
[EventCountry "YUG"]
[SourceTitle "EXT 2000"]
[Source "ChessBase"]
[SourceDate "1999.11.16"]
[SourceVersion "1"]
[SourceVersionDate "1999.11.16"]
[SourceQuality "1"]

1. e4 c5 2. d3 e5 3. f4 d6 4. Nf3 Nc6 5. g3 g6 6. Bg2 Bg7 7. 0-0 Nge7 8. c3 0-0 9. Be3 exf4 10. Bxf4 Ne5 11. h3 Qb6 12. Rf2 N7c6 13. Na3 h6 14. Be3 Nxf3+ 15. Qxf3 Be6 16. Qe2 Rad8 17. Qd2 Kh7 18. Qc1 a5 19. c4 f5 20. Nb5 Ne5 21. Qf1 fxe4 22. Bxe4 Rxf2 23. Bxf2 d5 24. cxd5 Bxd5 25. a4 Bxe4 26. dxe4 Qc6 27. Rd1 Rxd1 28. Qxd1 Qxe4 29. Bxc5 Nd3 30. Ba3 Qe3+ 31. Kg2 Qf2+ 32. Kh1 Qxg3 0-1

[Event "YUG-chT2"]
[Site "Tivat"]
[Date "1995.??.??"]
[Round "9"]
[White "Bauk, Slavko"]
[Black "Mihic, Vladimir"]
[Result "0-1"]
[WhiteElo "2330"]
[BlackElo "2215"]
[PlyCount "96"]
[EventDate "1995.??.??"]
[EventType "team-tourn"]
[EventRounds "11"]
[EventCountry "YUG"]
[SourceTitle "EXT 2002"]
[Source "ChessBase"]
[SourceDate "2001.11.25"]
[SourceVersion "1"]
[SourceVersionDate "2001.11.25"]
[SourceQuality "1"]

1. d4 Nf6 2. c4 g6 3. Nf3 Bg7 4. Nc3 0-0 5. g3 d6 6. Bg2 c6 7. 0-0 Qa5 8. h3 Be6 9. Qd3 Na6 10. e4 c5 11. d5 Bd7 12. Qe2 e5 13. Bd2 Qd8 14. Ne1 Nh5 15. Kh2 Qe8 16. a3 f5 17. exf5 gxf5 18. Nd3 Qg6 19. Rg1 Kh8 20. Bh1 Rae8 21. Rae1 Nc7 22. Qf1 a6 23. f4 e4 24. Nf2 Qh6 25. Nfd1 Bd4 26. Ne3 Rg8 27. Ncd1 Rg6 28. Re2 Reg8 29. Reg2 Qg7 30. Be1 Ne8 31. g4 fxg4 32. Rxg4 Bxg4 33. Rxg4 Rxg4 34. Nxg4 Nxf4 35. Bc3 Nxh3 36. Qxh3 Qxg4 37. Qxg4 Rxg4 38. Nf2 Rh4+ 39. Kg3 Bxc3 40. bxc3 e3 41. Kxh4 exf2 42. Bg2 Kg7 43. Kg3 Kf6 44. Kxf2 Ke5 45. Ke3 Nf6 46. Bh3 a5 47. Bc8 b6 48. Kf3 Ne4 0-1

[Event "YUG-chT2"]
[Site "Tivat"]
[Date "1995.??.??"]
[Round "11"]
[White "Bauk, Slavko"]
[Black "Paulic, Branko"]
[Result "1/2-1/2"]
[WhiteElo "2330"]
[BlackElo "2250"]
[PlyCount "21"]
[EventDate "1995.??.??"]
[EventType "team-tourn"]
[EventRounds "11"]
[EventCountry "YUG"]
[SourceTitle "EXT 2002"]
[Source "ChessBase"]
[SourceDate "2001.11.25"]
[SourceVersion "1"]
[SourceVersionDate "2001.11.25"]
[SourceQuality "1"]

1. d4 d5 2. c4 e6 3. Nc3 Nf6 4. Bg5 Be7 5. Nf3 c6 6. e3 Nbd7 7. Rc1 0-0 8. Qc2 a6 9. cxd5 exd5 10. Bd3 Re8 11. 0-0 1/2-1/2

[Event "YUG-chT2"]
[Site "Tivat"]
[Date "1995.??.??"]
[Round "8"]
[White "Ljubisavljevic, Zivojin Z"]
[Black "Bauk, Slavko"]
[Result "0-1"]
[WhiteElo "2270"]
[BlackElo "2330"]
[PlyCount "102"]
[EventDate "1995.??.??"]
[EventType "team-tourn"]
[EventRounds "11"]
[EventCountry "YUG"]
[SourceTitle "EXT 2002"]
[Source "ChessBase"]
[SourceDate "2001.11.25"]
[SourceVersion "1"]
[SourceVersionDate "2001.11.25"]
[SourceQuality "1"]

1. e4 c5 2. f4 e6 3. Nf3 d5 4. e5 d4 5. Bb5+ Bd7 6. Bxd7+ Qxd7 7. d3 h5 8. 0-0 Nh6 9. Nbd2 Nf5 10. Ne4 Nc6 11. Ng3 Nce7 12. Nxf5 Nxf5 13. Ng5 Be7 14. Ne4 h4 15. Qf3 f6 16. b3 Qd5 17. a4 fxe5 18. fxe5 0-0-0 19. a5 Rdf8 20. Bg5 Ne3 21. Bxe7 Rxf3 22. Rxf3 Qxe5 23. Bxc5 Rd8 24. Bxa7 Ng4 25. Rh3 g5 26. Bc5 Nf6 27. Be7 Nxe4 28. Bxd8 Nc3 29. Bb6 Ne2+ 30. Kh1 Nf4 31. Rf3 Qe2 32. Rg1 h3 33. Rxh3 Nxh3 34. gxh3 Qf3+ 35. Rg2 e5 36. b4 Qf1+ 37. Rg1 Qf3+ 38. Rg2 Qd1+ 39. Rg1 Qxc2 40. Rxg5 Qxd3 41. Rg8+ Kd7 42. Rg7+ Kc6 43. Kg2 Qe2+ 44. Kg3 d3 45. Rc7+ Kd6 46. Rxb7 d2 47. Bc5+ Ke6 48. Re7+ Kf5 49. Rd7 d1Q 50. Rxd1 Qxd1 51. Kf2 Qd2+ 0-1